000 01579nam a2200349 c 4500
003 BLK
005 20231014111004.0
008 180408b bul|||||r ||||||| ||bul||
010 _aKNG00067995000
020 _a978-954-584-071-5
_bиздат.: Бард - на том(т. 4)
040 _aBLK
041 _aBUL
_cBUL
080 _aАвстралийска литература
_b821.111(94)
_x-312.9
_z821.111(94)-312.9
100 1 _aЪрвайн, Йън
_eпърви автор
_9144747
139 _aЪрвайн, Йън
_bЪ
245 1 0 _aВзор през огледалото
_bИстория от трите свята : Кн. 1 -
_cЙън Ървайн; прев. от англ. Владимир Зарков.
_nКн. 4
_pПътят между световете
257 _aAUS
260 София
_c2005 -
300 _c22 см
380 _aX
500 _aСъдържа и Речник на действащите лица, имена и географски названия.
653 _aфантастика
653 _aромани
700 _aЗарков, Владимир Владимиров
_d1961-
_eпрев. от англ.
_9365578
760 1 _3- на том(т. 4)
_aЪрвайн, Йън
_dБард, 2006
_h496 с.
_nОриг. загл. The Way Between the Worlds / Ian Irvine.
_tКн. 4 Пътят между световете
852 _aЦб 224317
856 4 _qpdf
_u
856 4 _qpdf
_u
942 _cKNG
_n0
_05
944 _aCR
_c19.09.2006
_lНора Радева
_k30545
944 _aED
_c14.07.2010
_lф /
_k
999 _c63736
_d63736